000 01235cam a22003617a 4500
003 CHAP
005 20220329133122.0
008 971013s1990 r 00010 d
010 _a2351
011 _a3323
035 _a2523
040 _cCHAP
090 _aTesis
100 0 0 _aAltube Díaz, Héctor Abel.
_94717
245 0 _aCaracterización de variedades y portainjertos de vid mediante compuestos bioquímicos
260 _aMadrid :
_bEl Autor,
_c1990
300 _a226 h.
502 _aTesis (Doctor en Ciencias) -- Universidad Politécnica de Madrid. Escuela Técnica Superior de Ingenieros Agrónomos
590 _aALEPH
_b10
_c20130110
_lUCH01
_h1212
590 _aBATCH-UPD
_b10
_c20130110
_lUCH01
_h0105
590 _aBATCH-UPD
_b10
_c20130110
_lUCH01
_h0837
590 _aBATCH-UPD
_b10
_c20130409
_lUCH01
_h2055
590 _aBATCH-UPD
_b10
_c20130410
_lUCH01
_h0515
590 _aBATCH-UPD
_b10
_c20130914
_lUCH01
_h0250
590 _aCONVERSION
_b10
_c20130109
_lUCH01
_h1303
650 1 4 _aPortainjertos.
_990968
650 1 4 _aVid
_xInjertos.
_9119120
650 1 4 _aVid
_xVariedades.
_9119141
650 1 4 _aViticultura
_xEspaña.
_9120055
901 _aBK
942 _cTESIS
949 _bBC
_cTES
_d-12024
_eTS1
_h24388
_i2523
_si
999 _c2351
_d2351